| 000 | 00593nam a2200181Ia 4500 | ||
|---|---|---|---|
| 008 | 090124s9999 xx 000 0 und d | ||
| 082 |
_b23383 _a1426 |
||
| 100 | _aकेळकर गो. रा. | ||
| 245 | _a व्यवहारात विज्ञान पहा | ||
| 250 | _a1 | ||
| 260 | _c1981 | ||
| 300 | _a116 | ||
| 600 | _aकेळकर गो. रा. | ||
| 630 | _a व्यवहारात विज्ञान पहा | ||
| 700 | _aकेळकर गो. रा. | ||
| 730 | _a व्यवहारात विज्ञान पहा | ||
| 942 | _cBOOK | ||
| 999 |
_c136987 _d136987 |
||